000 00308nam a22001337a 4500
008 190306b xxu||||| |||| 00| 0 eng d
020 _a2740324667654
041 _aeng
080 _214th
_a531
100 _a43
101 _aFIZ
245 _aAn Introduction to Physical Science
_cShipman
942 _2udc
_cBK
999 _c54648
_d54648